Where there's smoke (Record no. 72592)
[ view plain ]
| 000 -LEADER | |
|---|---|
| fixed length control field | 01540cam a2200217 4500 |
| 001 - CONTROL NUMBER | |
| control field | WB3916-10 |
| 008 - FIXED-LENGTH DATA ELEMENTS--GENERAL INFORMATION | |
| fixed length control field | 030430n2003 000 0 eng u |
| 035 ## - SYSTEM CONTROL NUMBER | |
| System control number | (Sirsi) u122150 |
| 245 ## - TITLE STATEMENT | |
| Title | Where there's smoke |
| 260 ## - PUBLICATION, DISTRIBUTION, ETC. | |
| Date of publication, distribution, etc. | 2003 |
| 490 ## - SERIES STATEMENT | |
| Series statement | Estates Gazette |
| Volume/sequential designation | (0317) 26 April 2003, 144(1) |
| 520 ## - SUMMARY, ETC. | |
| Summary, etc. | Examines the effect on businesses of fires in the context of two cases that have legal consequences in relation to all-risks-insurance. In Scottish & Newcastle PLC v GD Construction Ltd a subcontractor had set light to a straw-thatched roof which destroyed large parts of the building. Here the appeal court found that although the contractor was liable for loss or damage caused by negligence this excluded loss of damage caused by any negligence in carrying out the works. In Co-operative Retail Services Ltd v Taylor Young Partnerships Ltd a new office block was damaged by fire. Here the judgment included a helpful analysis on the consequences of a successful claim on an all-risks policy. Overall, it is recommended that checks are made that a development has adequate and appropriate all-risks insurance cover and it needs to be noted that such insurance may not protect fully against risks involving time and cost. |
| 590 ## - LOCAL NOTE (RLIN) | |
| Local note | WB |
| 650 ## - SUBJECT ADDED ENTRY--TOPICAL TERM | |
| Topical term or geographic name entry element | SCOTTISH & NEWCASTLE PLC V GD CONSTRUCTION (ST ALBANS) LTD |
| 650 ## - SUBJECT ADDED ENTRY--TOPICAL TERM | |
| Topical term or geographic name entry element | CO-OPERATIVE RETAIL SERVICES LTD V TAYLOR YOUNG PARTNERSHIPS LTD |
| 650 ## - SUBJECT ADDED ENTRY--TOPICAL TERM | |
| Topical term or geographic name entry element | FIRE DAMAGE |
| 650 ## - SUBJECT ADDED ENTRY--TOPICAL TERM | |
| Topical term or geographic name entry element | Insurance |
| 9 (RLIN) | 6249 |
| 650 ## - SUBJECT ADDED ENTRY--TOPICAL TERM | |
| Topical term or geographic name entry element | ALL RISK INSURANCE |
| 690 ## - LOCAL SUBJECT ADDED ENTRY--TOPICAL TERM (OCLC, RLIN) | |
| Topical term or geographic name as entry element | Insurance |
| 9 (RLIN) | 6249 |
| 942 ## - ADDED ENTRY ELEMENTS (KOHA) | |
| Suppress in OPAC | 0 |
| Withdrawn status | Lost status | Source of classification or shelving scheme | Damaged status | Not for loan | Home library | Current library | Shelving location | Date acquired | Total Checkouts | Full call number | Barcode | Date last seen | Copy number | Price effective from | Koha item type |
|---|---|---|---|---|---|---|---|---|---|---|---|---|---|---|---|
| Dewey Decimal Classification | London | London | News article | 30/04/2003 | WB3916-10 | 122150-1001 | 06/08/2019 | 1 | 06/08/2019 | News article |